Pays en M - Statistiques

Statistiques générales
  • Ce quiz a été pris 1 898 fois
  • Le résultat moyen est 12 sur 18
Statistiques - réponses
Pays % Correct
Mauritanie
85%
Maroc
81%
Madagascar
77%
Mali
76%
Moldavie
74%
Macédoine du Nord
73%
Mongolie
72%
Mozambique
71%
Malaisie
69%
Mexique
69%
Monténégro
68%
Monaco
65%
Maldives
63%
Malawi
62%
Maurice
61%
Malte
60%
Micronésie
39%
Iles Marshall
35%
Aucun quiz correspondant
Distribution des résultats
% des personnes avec chaque résultat
Percentile par nombre de réponses
Votre historique - résultats
Vous n’avez pas pris ce quiz